| 000 | 00390nam a2200157Ia 4500 | ||
|---|---|---|---|
| 008 | 230917s9999||||xx |||||||||||||| ||und|| | ||
| 020 | _cPON40 | ||
| 040 |
_e19400 _aMAIN |
||
| 041 | _aEnglish | ||
| 082 | _a330.91 F877L | ||
| 100 | _aFreeman, Christopher, ed | ||
| 245 | 0 | _aLong waves in the world economy | |
| 260 |
_aLondon _bButterworths _c1983 |
||
| 300 | _aviii,245 p. | ||
| 942 | _cBK | ||
| 999 |
_c40335 _d40335 |
||